[Event "40th TCh-GRE 2012"]
[Site "Achaea GRE"]
[Date "2012.07.04"]
[Round "6.14"]
[White "Pahaki,H"]
[Black "Rompaki,Maria"]
[Result "1-0"]
[WhiteElo "1673"]
[BlackElo "1244"]

1.d4 Nf6 2.c4 e6 3.Nc3 Bb4 4.Nf3 O-O 5.Bg5 h6 6.Bh4 d6 7.e3 Nbd7 8.Bd3 Bxc3+
9.bxc3 b6 10.O-O Bb7 11.Re1 Qe8 12.e4 Qc8 13.Bc2 e5 14.dxe5 dxe5 15.Bxf6 Nxf6
16.Nxe5 Re8 17.f4 Rd8 18.Qe2 Nd7 19.Nf3 Nc5 20.Nd4 Ne6 21.Qe3 c5 22.Nf5 Kf8
23.g4 g6 24.Nxh6 Kg7 25.g5 Qc7 26.f5 Nf8 27.f6+ Kh8 28.Re2 Nh7 29.h4 Bc8
30.Rh2 Be6 31.h5 Rd7 32.hxg6 fxg6 33.e5  1-0

[Event "35th Barbera Open A"]
[Site "Barbera del Valles ESP"]
[Date "2012.07.04"]
[Round "1.2"]
[White "Ivakhinova,I"]
[Black "Quesada Perez,Yu"]
[Result "0-1"]
[WhiteElo "2306"]
[BlackElo "2626"]

1.d4 Nf6 2.c4 e6 3.Nc3 Bb4 4.Nf3 b6 5.Qc2 Bb7 6.a3 Bxc3+ 7.Qxc3 d6 8.g3 Nbd7
9.Bg2 O-O 10.b4 a5 11.Bb2 Be4 12.O-O c6 13.Bh3 h6 14.Nd2 Bg6 15.Bg2 d5 16.b5 cxb5
17.cxd5 exd5 18.Qc6 Rc8 19.Qxb5 Rc2 20.Rfd1 Qe7 21.Rac1 Rfc8 22.Nf3 R8c4
23.Bf1 Qe6 24.Ne1 Rxe2 25.Rxc4 dxc4 26.d5 Qe4 27.Bxe2 Qxe2 28.Rc1 Ne4 29.Bd4 Nd2
30.Ng2 Be4 31.Qxd7 Nf3+ 32.Kh1 Ne1 33.Qc8+ Kh7 34.Qxc4 Qf3 35.Qf1 Nxg2 36.Qd1 Nf4+
37.Qxf3 Bxf3+ 38.Kg1 Ne2+ 39.Kf1 Nxc1 40.d6 Bc6 41.Bxb6 a4 42.Be3 Nb3 43.Ke2 Kg6
44.Kd3 Kf5  0-1

[Event "Perla Baltyku Open 2012"]
[Site "Lazy POL"]
[Date "2012.07.04"]
[Round "5.2"]
[White "Chojnacki,K"]
[Black "Weichhold,P"]
[Result "1-0"]
[WhiteElo "2436"]
[BlackElo "2325"]

1.d4 Nf6 2.c4 e6 3.Nc3 Bb4 4.Nf3 c5 5.g3 Nc6 6.Bg2 Ne4 7.Bd2 Bxc3 8.bxc3 O-O
9.O-O Na5 10.dxc5 Qc7 11.Bf4 Qxc5 12.Ne5 Nxc4 13.Nxd7 Bxd7 14.Qxd7 Ned6 15.Rad1 Rad8
16.Qa4 e5 17.Bc1 Nb5 18.Qb3 b6 19.a4 Nc7 20.Bg5 Rxd1 21.Rxd1 h6 22.Bc1 Rc8
23.Rd7 Ne6 24.Rd5 Qc7 25.Qc2 a6 26.Qf5 b5 27.axb5 axb5 28.Be4 Kf8 29.Rxb5 Nc5
30.Qh7 Nd6 31.Bf5 Nxb5 32.Bxc8 Nxc3 33.Bg4 Qd6 34.Ba3 Nb5 35.Bxc5 Qxc5 36.Qh8+ Ke7
37.Qxg7 Qd6 38.e4 Nc3 39.Bf5 Nd1 40.Qg4 Qd2 41.Qf3 Nb2 42.Bg4 Nd3 43.Qe2 Qc1+
44.Qd1 Qc3 45.Be2 Nc5 46.Qd5 Ne6 47.Kg2 Kf8 48.h4 Nd4 49.Bh5 Qc7 50.Kh3 Ne6
51.Bg4 Nd4 52.Bh5 Ne6 53.Be2 Qc3 54.Kg2 Nd4 55.Qd6+ Kg8 56.Qb8+ Kh7 57.Bh5 Qc5
58.Bxf7 Kg7 59.Qg8+ Kf6 60.Bd5 Ke7 61.Qg7+ Kd8 62.Qxe5 Nc2 63.Qf6+ Kc7 64.Qg7+ Kd8
65.Qxh6 Ne1+ 66.Kh3 Nd3 67.Qd2 Qd4 68.Kg2 Ke7 69.Qe3 Qc3  1-0

[Event "40th TCh-GRE 2012"]
[Site "Achaea GRE"]
[Date "2012.07.05"]
[Round "7.6"]
[White "Hammer,J"]
[Black "Sedlak,N"]
[Result "1-0"]
[WhiteElo "2630"]
[BlackElo "2556"]

1.d4 e6 2.Nf3 Nf6 3.c4 Bb4+ 4.Nc3 b6 5.e3 Bb7 6.Bd3 O-O 7.O-O c5 8.Qe2 Bxc3
9.bxc3 Be4 10.Nd2 Bxd3 11.Qxd3 Nc6 12.e4 d6 13.f4 e5 14.d5 Na5 15.fxe5 dxe5
16.Nf3 Nd7 17.Ng5 h6 18.Nf3 Nb7 19.g4 Nd6 20.Bd2 Qc8 21.g5 f5 22.exf5 e4
23.Qe2 Qe8 24.Nh4 e3 25.Qxe3 Qxe3+ 26.Bxe3 Nxc4 27.Bf4 hxg5 28.Bxg5 Nf6 29.Rf4 Nd6
30.Bxf6 Rxf6 31.Re1 Kf7 32.Re6 Rh8 33.Ng6 Re8 34.Rg4 Rfxe6 35.fxe6+ Kf6 36.Kf2 b5
37.Kf3 b4 38.cxb4 c4 39.Nf4 Rg8 40.Ke3 c3 41.Kd3 Rc8 42.Kc2 Nf5 43.Kc1 c2
44.e7  1-0

[Event "40th TCh-GRE 2012"]
[Site "Achaea GRE"]
[Date "2012.07.05"]
[Round "7.15"]
[White "Edouard,R"]
[Black "Babalikis,A"]
[Result "1-0"]
[WhiteElo "2625"]
[BlackElo "1585"]

1.d4 Nf6 2.c4 e6 3.Nf3 Bb4+ 4.Nc3 O-O 5.Bg5 d6 6.e3 Nc6 7.Be2 Qe7 8.O-O Bxc3
9.bxc3 e5 10.Nd2 b6 11.Bf3 Bb7 12.Ne4 Kh8 13.Nxf6 gxf6 14.Bh4 e4 15.Bg4 Rg8
16.Bf5 Bc8 17.Qh5 Bxf5 18.Qxf5 Rg6 19.Qd5 Rag8 20.Qxc6 Rxg2+ 21.Kh1 Qe6 22.Qd5  1-0

[Event "5th Int ch-Central Serbia 2012"]
[Site "Paracin SRB"]
[Date "2012.07.06"]
[Round "1.7"]
[White "Cvitan,O"]
[Black "Desnica,V"]
[Result "1/2-1/2"]
[WhiteElo "2538"]
[BlackElo "2225"]

1.d4 Nf6 2.c4 e6 3.Nc3 Bb4 4.Nf3 c5 5.g3 cxd4 6.Nxd4 O-O 7.Bg2 d5 8.cxd5 Nxd5
9.Qb3 Na6 10.O-O Nxc3 11.bxc3 Bc5 12.Ba3 e5 13.Bxc5 Nxc5 14.Qa3 exd4 15.Qxc5 dxc3
16.Qxc3 Qe7 17.Qb2 Rb8 18.a4 Be6 19.Rfc1 b6 20.Qe5 Rbd8 21.Bh3 Rd5 22.Qe3 Rd6
23.Rd1 Qf6 24.Bxe6 Rxe6 25.Qd3 h5 26.h4 Rfe8 27.e3 Qf3 28.Qd5 Qxd5 29.Rxd5 Re5
30.Rad1 g6 31.R1d4 Kg7 32.Kg2 Rxd5 33.Rxd5 Kf6 34.Kf3 Re5 35.Rd4 Ke6 36.e4 Rc5
37.Kf4 Rc3 38.f3 Rc5 39.g4 Ke7 40.Ke3 Ke6  1/2-1/2

[Event "2nd Polugaevsky Mem"]
[Site "Samara RUS"]
[Date "2012.07.06"]
[Round "2.8"]
[White "Dimukhametov,A"]
[Black "Yemelin,V"]
[Result "0-1"]
[WhiteElo "2355"]
[BlackElo "2577"]

1.d4 Nf6 2.c4 e6 3.Nc3 Bb4 4.Nf3 b6 5.Bg5 Bb7 6.e3 Bxc3+ 7.bxc3 d6 8.Bd3 Nbd7
9.Qc2 h6 10.Bh4 Qe7 11.O-O g5 12.Bg3 O-O-O 13.Nd2 h5 14.f3 h4 15.Be1 Rdg8
16.Qa4 e5 17.Bf5 g4 18.d5 Kb8 19.fxg4 h3 20.g3 Nc5 21.Qd1 Bc8 22.Nb3 Bxf5
23.Rxf5 Nxg4 24.Nxc5 dxc5 25.Qf3 e4 26.Qf4 Rg7 27.Bd2 f6 28.Rf1 Kb7 29.Bc1 Rhg8
30.Rh5 Rh7 31.d6 cxd6 32.Rxh7 Qxh7 33.Qxd6 Qf7 34.Qd5+ Qxd5 35.cxd5 Rg5 36.c4 Ne5
37.Rf4 f5 38.Bb2 Nxc4 39.Bf6 Rg6 40.Rxf5 Nxe3 41.d6 Nxf5 42.d7 Rg8 43.d8=Q Rxd8
44.Bxd8 Ne3  0-1

[Event "1st ITT LXSBC 2012"]
[Site "Sao Bernardo do Campo BRA"]
[Date "2012.07.06"]
[Round "7.2"]
[White "Zampronha,W"]
[Black "Batista,Re"]
[Result "1/2-1/2"]
[WhiteElo "2207"]
[BlackElo "2140"]

1.d4 Nf6 2.c4 e6 3.Nc3 Bb4 4.Nf3 d5 5.e3 O-O 6.a3 Bxc3+ 7.bxc3 Nbd7 8.cxd5 exd5
9.Bd3 Re8 10.O-O c5 11.Qc2 b6 12.a4 c4 13.Bf5 g6 14.Bxd7 Bxd7  1/2-1/2

[Event "4th Rethymno Open"]
[Site "Rethymno GRE"]
[Date "2012.07.09"]
[Round "4.20"]
[White "Sivuk,V"]
[Black "Theodorou,Nikolas"]
[Result "1/2-1/2"]
[WhiteElo "2467"]
[BlackElo "2079"]

1.d4 Nf6 2.c4 e6 3.Nc3 Bb4 4.Nf3 d6 5.Bg5 Bxc3+ 6.bxc3 Qe7 7.Nd2 h6 8.Bh4 e5
9.e3 Bf5 10.Be2 c5 11.Bxf6 Qxf6 12.Bf3 Nc6 13.dxc5 dxc5 14.Ne4 Bxe4 15.Bxe4 O-O
16.O-O Rad8 17.Qa4 Qh4 18.Qc2 Na5 19.g3 Qg4 20.f3 Qg5 21.f4 exf4 22.exf4 Qf6
23.Bd5 b5 24.Rae1 Nxc4 25.Bxc4 bxc4 26.Re5 Rd3 27.Rfe1 Qc6 28.Qg2 Qxg2+ 29.Kxg2 Rxc3
30.Rxc5 Rc2+ 31.Kh3 Rxa2 32.Rxc4 g6 33.Re7 Kg7 34.Rb7 h5 35.Rc5 Kf6 36.Rc6+ Kg7
37.Rd7 Re8 38.Rcc7 Rf8 39.Rd5 Re8 40.Rdd7 Rf8 41.Rb7 Kf6 42.Rdc7 Kg7 43.Rxa7 Rxa7
44.Rxa7 Rc8 45.Ra2 Kf6 46.Kh4 Rc6 47.h3 Rc4 48.Ra5 Rb4 49.Ra3 Kg7 50.Rf3 Kh6
51.g4 hxg4 52.hxg4 Rxf4 53.Rxf4 g5+ 54.Kg3 gxf4+ 55.Kxf4 Kg6 56.g5 f6 57.gxf6 Kxf6  1/2-1/2

[Event "Int Open ch-SVK 2012"]
[Site "Banska Stiavnica SVK"]
[Date "2012.07.10"]
[Round "4.2"]
[White "Michalik,P"]
[Black "Markos,J"]
[Result "1/2-1/2"]
[WhiteElo "2505"]
[BlackElo "2540"]

1.d4 Nf6 2.c4 e6 3.Nc3 Bb4 4.Nf3 b6 5.e3 Bb7 6.Bd3 Ne4 7.Qc2 Bxc3+ 8.bxc3 f5
9.O-O O-O 10.c5 Rf6 11.cxb6 axb6 12.c4 Rg6 13.g3 d6 14.d5 exd5 15.cxd5 Bxd5
16.Nd4 Na6 17.Nxf5 Nb4 18.Qb1 Nxd3 19.Qxd3 Bb7 20.f3 Nc5 21.Qc2 d5 22.Bb2 Qd7
23.Bd4 Rf8 24.Nh4 Rh6 25.Rac1 g5 26.Bxc5 bxc5 27.Ng2 c4 28.Rf2 Rhf6 29.f4 Qe6
30.Re2 h6 31.Ree1 Ba6 32.h4 Qg4 33.Qd1 Qxd1 34.Rexd1 Rd6 35.Ne1 gxh4 36.gxh4 c5
37.Nf3 d4 38.Kf2 Re6 39.exd4 Rxf4 40.dxc5 Ref6 41.Rc3 Bb7 42.Rd8+ Rf8 43.Rxf8+ Rxf8
44.Kg3 Rf5 45.c6 Bxc6 46.Nd4 Rc5 47.Nxc6 Rxc6 48.a4 Rc5 49.Kf3 Kf7 50.Ke3 Ke6
51.Kd4 Rh5 52.Rh3 Ra5 53.Ra3 Rh5 54.a5 Kd6 55.Kxc4  1/2-1/2

[Event "6th LCT GpA 2012"]
[Site "Leiden NED"]
[Date "2012.07.10"]
[Round "5.8"]
[White "Goudriaan,E"]
[Black "Sundararajan,K"]
[Result "1-0"]
[WhiteElo "2375"]
[BlackElo "2459"]

1.d4 Nf6 2.c4 e6 3.Nc3 Bb4 4.Nf3 b6 5.Qc2 Bb7 6.a3 Bxc3+ 7.Qxc3 O-O 8.Bg5 d6
9.Nd2 h6 10.Bh4 c5 11.dxc5 bxc5 12.Bxf6 Qxf6 13.Qxf6 gxf6 14.O-O-O Rd8 15.e3 Kf8
16.Rg1 Ke7 17.g4 Nd7 18.Rg3 Rab8 19.Rh3 Ne5 20.Be2 Rg8 21.Rg3 Bc6 22.f4 Nd7
23.Rh3 Nb6 24.Rg1 f5 25.Rxh6 fxg4 26.Rxg4 Na4 27.Rxg8 Rxg8 28.Bf1 a5 29.Rh3 Rg1
30.Kc2 Rxf1 31.Nxf1 Bg2 32.Rh8 Bxf1 33.Rb8 Bg2 34.Kb3 Bc6 35.h4 d5 36.cxd5 exd5
37.h5 Kf6 38.Kc2 c4 39.Rd8 Ke7 40.h6 Kxd8 41.h7 Ke7 42.h8=Q Nc5 43.Qe5+ Kd7
44.Qf5+ Ke7 45.Qc8  1-0

[Event "5th Int ch-Central Serbia 2012"]
[Site "Paracin SRB"]
[Date "2012.07.10"]
[Round "5.19"]
[White "Desnica,V"]
[Black "Lajthajm,B"]
[Result "0-1"]
[WhiteElo "2225"]
[BlackElo "2492"]

1.d4 Nf6 2.c4 e6 3.Nc3 Bb4 4.Nf3 O-O 5.Bg5 c5 6.Rc1 d6 7.e3 Nbd7 8.Bd3 Qa5
9.O-O Bxc3 10.Rxc3 Qxa2 11.Bb1 Qa5 12.Qc2 cxd4 13.exd4 h6 14.Bf4 e5 15.b4 Qxb4
16.dxe5 dxe5 17.Nxe5 Re8 18.Re3 Nf8 19.Rf3 Qc5 20.Qc3 Ne6 21.Be3 Qe7 22.Re1 Ng5
23.Bxg5 hxg5 24.Rfe3 Qc7 25.Nf3 Rxe3 26.Qxe3 Be6 27.Nxg5 Bxc4 28.Ne4 Nxe4
29.Qxe4 g6 30.h4 Qc6 31.Qg4 Be6 32.Qg3 Kf8 33.Qe5 Rc8 34.Ba2 Qc3 35.Qd6+ Kg7
36.Rxe6 fxe6 37.Qe7+ Kh8 38.Qxe6 Rf8 39.Qxg6 Qe1+ 40.Kh2 Qe5+ 41.Qg3 Qxg3+
42.Kxg3 b5 43.f4 a5 44.Bd5 a4 45.Bc6 a3 46.Bd5 Rd8  0-1

[Event "2nd Polugaevsky Mem"]
[Site "Samara RUS"]
[Date "2012.07.10"]
[Round "6.6"]
[White "Goganov,A"]
[Black "Yemelin,V"]
[Result "1/2-1/2"]
[WhiteElo "2509"]
[BlackElo "2577"]

1.d4 Nf6 2.c4 e6 3.Nc3 Bb4 4.Nf3 d5 5.Bg5 Nbd7 6.cxd5 exd5 7.e3 c5 8.dxc5 O-O
9.Rc1 Nxc5 10.Qd4 Bxc3+ 11.Qxc3 Nce4 12.Bxf6 Nxf6 13.Qc7 Bd7 14.Qxd8 Rfxd8
15.Bd3 Rac8 16.Ke2 Bg4 17.h3 Bxf3+ 18.Kxf3 g6 19.Rhd1 Kf8 20.Kf4 Ke7 21.Rxc8 Rxc8
22.g4 Ke6 23.f3 h6 24.h4 Rc5 25.a3 Ne8 26.Bb1 Nd6 27.Ba2 Nc4 28.b4 Rc7 29.a4 a6
30.a5 b5 31.axb6 Nxb6 32.e4 Kf6 33.g5+ hxg5+ 34.hxg5+ Ke7 35.exd5 Kd6 36.Ke4 Rc2
37.Bb3 Re2+ 38.Kd4 Rb2 39.Rd3 Rg2 40.f4 Rf2 41.Ke4 Nc8 42.Bc4 Rb2 43.Rb3 Ra2
44.Rf3 Ra4 45.f5 Rxb4 46.fxg6 fxg6 47.Rf6+ Ke7 48.Kd3 Nd6 49.Re6+ Kd7 50.Ba2 Rb2
51.Bc4 Rb4 52.Ba2 Rb2 53.Bc4 Rg2 54.Bxa6 Ra2 55.Bc4 Ra3+ 56.Kd4 Ra4 57.Ke5 Nxc4+
58.Kf6 Ra5 59.Kxg6 Rxd5 60.Kf6 Rd3 61.Re7+ Kd6 62.Re6+ Kd7 63.Re7+ Kd6 64.Re6+ Kd5
65.g6 Rf3+ 66.Ke7 Ne5 67.Rxe5+ Kxe5 68.g7 Rg3 69.Kf7 Rxg7+ 70.Kxg7  1/2-1/2

[Event "32nd Benasque Open"]
[Site "Benasque ESP"]
[Date "2012.07.11"]
[Round "7.9"]
[White "Stocek,J"]
[Black "Leenhouts,K"]
[Result "1-0"]
[WhiteElo "2573"]
[BlackElo "2384"]

1.d4 Nf6 2.c4 e6 3.Nc3 Bb4 4.Nf3 b6 5.Qb3 Bxc3+ 6.Qxc3 Bb7 7.Bg5 h6 8.Bh4 g5
9.Bg3 Ne4 10.Qc2 Nxg3 11.hxg3 Qf6 12.Rd1 Bxf3 13.gxf3 Nc6 14.Bg2 O-O-O 15.Qa4 Nxd4
16.f4 a5 17.c5 bxc5 18.Qxa5 d6 19.e3 Nc2+ 20.Kf1 Nb4 21.a3 gxf4 22.exf4 Nd5
23.Qb5 Qg6 24.Rxd5 exd5 25.Bxd5 Rdg8 26.Kg2 Qc2 27.Qb7+ Kd8 28.Bxf7 Rg7 29.Re1 Rxf7
30.Qb8+ Kd7 31.Qxh8 Re7 32.Rxe7+ Kxe7 33.Qg7+ Kd8 34.Qc3 Qe4+ 35.Qf3 Qc2
36.f5 Qxb2 37.f6 Ke8 38.Qe4+ Kf7 39.Qe7+ Kg6 40.f7 Qb7+ 41.Kh2  1-0

[Event "4th Rethymno Open"]
[Site "Rethymno GRE"]
[Date "2012.07.11"]
[Round "6.10"]
[White "Colovic,A"]
[Black "Postny,E"]
[Result "0-1"]
[WhiteElo "2435"]
[BlackElo "2653"]

1.d4 Nf6 2.c4 e6 3.Nc3 Bb4 4.Nf3 c5 5.g3 cxd4 6.Nxd4 Qc7 7.Qb3 Bc5 8.Be3 a6
9.Na4 b6 10.Bg2 Ra7 11.Nxc5 bxc5 12.Nf3 O-O 13.Bf4 d6 14.Rd1 e5 15.Bg5 Ne8
16.O-O Nc6 17.Bc1 f5 18.e3 Nf6 19.Ne1 Be6 20.Qa4 e4 21.b3 a5 22.Nc2 Bd7 23.Qa3 Ne5
24.Bb2 Nf3+ 25.Kh1 Bc6 26.Ne1 Qe7 27.Bh3 Qe6 28.Bc3 g5 29.Qb2 h5 30.Bg2 h4
31.Bxf3 exf3 32.gxh4 Rh7 33.Bxf6 Rxf6 34.Rg1 g4 35.Rg3 Rxh4 36.h3 Rfh6 37.Kg1 Rxh3
38.Rxh3 Rxh3  0-1

[Event "34th Oberwart Open A"]
[Site "Oberwart AUT"]
[Date "2012.07.12"]
[Round "6.23"]
[White "Reinwald,P"]
[Black "Pretterhofer,K"]
[Result "1/2-1/2"]
[WhiteElo "2198"]
[BlackElo "1958"]

1.d4 Nf6 2.c4 e6 3.Nc3 Bb4 4.Nf3 d5 5.cxd5 exd5 6.Qa4+ Nc6 7.Ne5 Bd7 8.Nxd7 Qxd7
9.e3 Ne4 10.Qc2 O-O 11.Bd3 f5 12.O-O Bxc3 13.bxc3 Na5 14.Ba3 Rf6 15.f3 Ng5
16.Rae1 Re8 17.Rf2 f4 18.Bc1 Nc4 19.e4 h6 20.e5 Rff8 21.Rfe2 Ne6 22.Rd1 b5
23.Bxc4 bxc4 24.Ba3 c5 25.Red2 cxd4 26.cxd4 Rf7 27.Rb1 Qc6 28.Qc3  1/2-1/2

[Event "ch-NOR 2012"]
[Site "Sandefjord NOR"]
[Date "2012.07.12"]
[Round "7.3"]
[White "Hammer,J"]
[Black "Agdestein,S"]
[Result "1-0"]
[WhiteElo "2638"]
[BlackElo "2559"]

1.d4 Nf6 2.c4 e6 3.Nc3 Bb4 4.Nf3 b6 5.e3 Bb7 6.Bd3 O-O 7.O-O d5 8.cxd5 exd5
9.a3 Bd6 10.b4 Nbd7 11.Qb3 c6 12.e4 dxe4 13.Nxe4 Be7 14.Ne5 Nd5 15.Bb2 Rc8
16.Rad1 N7f6 17.Bb1 Rc7 18.Rfe1 Qc8 19.Qg3 Nh5 20.Qd3 Nhf4 21.Qf3 Qa8 22.Bc1 Ng6
23.Qh5 Bc8 24.f4 f5 25.Ng5 Bxg5 26.Nxg6 hxg6 27.Qxg5 Rf6 28.Re8+ Kf7 29.Rde1 Re7
30.R1xe7+ Nxe7 31.Rd8 Qb7 32.Qh4 Be6 33.Qh8 Bd5 34.Bd3 Qc7 35.Qe8+ Ke6 36.Ba6 Rf7
37.Bc8+ Kf6 38.Bd7 Ng8 39.g4 fxg4 40.Rc8 Qd6 41.Qe5+ Qxe5 42.fxe5+ Ke7 43.Bxg4  1-0

[Event "St. Pauli Open 2012"]
[Site "Hamburg GER"]
[Date "2012.07.13"]
[Round "7.3"]
[White "Svane,R"]
[Black "Stigar,P"]
[Result "1-0"]
[WhiteElo "2367"]
[BlackElo "2299"]

1.d4 Nf6 2.c4 e6 3.Nc3 Bb4 4.Nf3 c5 5.g3 cxd4 6.Nxd4 O-O 7.Bg2 d5 8.cxd5 Nxd5
9.Qb3 Qe7 10.O-O Nc6 11.Nxd5 exd5 12.Qxd5 Nxd4 13.Qxd4 Be6 14.Bg5 f6 15.Be3 Rfd8
16.Qe4 Bd5 17.Qxe7 Bxe7 18.Bxd5+ Rxd5 19.Rac1 Ra5 20.Rc7 Bd6 21.Rxb7 Rxa2
22.Rd1 Bf8 23.Rdd7 a5 24.Bd4 a4 25.e3 a3 26.bxa3 R2xa3 27.g4 h6 28.h4 R3a5
29.Kg2 Re8 30.Kg3 Ra6 31.Kf4 Ra5 32.Kg3 Ra6 33.g5 fxg5 34.Bxg7 gxh4+ 35.Kxh4 Rg6
36.Bd4 Rge6 37.Kh5 Be7 38.f4 Bf6 39.Bxf6 Rxf6 40.Rd3 Rfe6 41.Rbb3 Kg7 42.Kg4 Kf6
43.Kf3 Kf5 44.Rb5+ Kf6 45.Rbd5 Ra8 46.Rd6 Ra1 47.Rxe6+ Kxe6 48.Ke4 Ra2 49.f5+  1-0

[Event "TCh-CHN 2012"]
[Site "Tianjin CHN"]
[Date "2012.07.13"]
[Round "9"]
[White "Zhou Jianchao"]
[Black "Xiu Deshun"]
[Result "1/2-1/2"]
[WhiteElo "2625"]
[BlackElo "2492"]

1.d4 Nf6 2.c4 e6 3.Nc3 Bb4 4.Nf3 c5 5.g3 Ne4 6.Bd2 Bxc3 7.Bxc3 Nxc3 8.bxc3 Qa5
9.Qd2 O-O 10.Bg2 d5 11.cxd5 exd5 12.c4 Qxd2+ 13.Kxd2 dxc4 14.dxc5 Nd7 15.c6 bxc6
16.Nd4 Bb7 17.Rhb1 Nb6 18.Bxc6 Bxc6 19.Nxc6 Rfe8 20.Nxa7 c3+ 21.Ke1 Na4 22.Nb5 Rec8
23.Rb3 Rc5 24.Rc1 g6 25.Nd4 Rac8 26.e3 Kg7 27.Kd1 Ra8 28.Kc2 Rh5 29.Ra3 Rxh2
30.Rf1 Rh5 31.Rb1 Rh2 32.Rf1 Rh5 33.Ne2 Rd5 34.Nxc3 Rc5 35.Rd1  1/2-1/2

[Event "Turkish Bank Chess League 2012"]
[Site "Konya TUR"]
[Date "2012.07.14"]
[Round "4"]
[White "Demir,Z"]
[Black "Oksuz,A"]
[Result "1-0"]
[WhiteElo "1926"]
[BlackElo "2134"]

1.d4 Nf6 2.c4 e6 3.Nc3 Bb4 4.Nf3 b6 5.Bg5 h6 6.Bh4 g5 7.Bg3 Ne4 8.Qc2 Bb7
9.e3 Bxc3+ 10.bxc3 Nxg3 11.hxg3 d6 12.Bd3 Nd7 13.Be4 Bxe4 14.Qxe4 Nf6 15.Qd3 Ke7
16.e4 g4 17.Nh4 Qg8 18.Rd1 Qg5 19.O-O Rhg8 20.Rfe1 Nd7 21.c5 bxc5 22.e5 d5
23.c4 c6 24.cxd5 cxd5 25.Qa6 c4 26.Qd6+ Ke8 27.Rb1 Qe7 28.Qc6 Rd8 29.Nf5 exf5
30.e6 Kf8 31.exd7 Qxd7 32.Qxh6+ Rg7 33.Qh8+ Rg8 34.Qf6 Rg6 35.Qh8+ Rg8 36.Qh6+ Rg7
37.Re5 Kg8 38.Rbe1 Rg6 39.Qf4 c3 40.Re7 Qd6 41.Qxf5 Qf6 42.Qh5 Kf8 43.R7e5 Rh6
44.Qxg4 Qh8 45.f3 c2 46.Kf2 Rh1 47.Qf4 Rxe1 48.Rxe1 Rc8 49.Rc1 Qh7 50.Qd6+ Kg8
51.Qxd5 Qd3 52.Qg5+ Kf8 53.Qh6+ Kg8 54.Qf4 Rc4 55.Qg5+ Kf8 56.Qh6+ Kg8 57.g4 Qxd4+
58.Qe3 Qd1 59.Qe1 Rd4 60.Qe8+ Kg7 61.Qe5+ Kh7 62.Qf5+ Kg7 63.Rxc2 Rd2+ 64.Rxd2 Qxd2+
65.Kg3 Qxa2 66.g5 Qa1 67.Kf4 a5 68.Qe5+ Qxe5+ 69.Kxe5 a4 70.Kd4 Kg6 71.f4 Kf5
72.g3  1-0

[Event "III Maravilhosa Open 2012"]
[Site "Laranjeiras BRA"]
[Date "2012.07.14"]
[Round "4.20"]
[White "Santos,Otavio Belegarde dos"]
[Black "De Oliveira,F"]
[Result "0-1"]
[WhiteElo "1822"]
[BlackElo "1739"]

1.d4 Nf6 2.c4 e6 3.Nc3 Bb4 4.Nf3 b6 5.Bg5 Bb7 6.e3 c5 7.a3 Bxc3+ 8.bxc3 d6
9.Bd3 Nbd7 10.Rb1 h6 11.Bf4 Qe7 12.a4 e5 13.Bg3 e4 14.Be2 exf3 15.Bxf3 Bxf3
16.Qxf3 Qe4  0-1

[Event "TCh-CHN 2012"]
[Site "Tianjin CHN"]
[Date "2012.07.14"]
[Round "10"]
[White "Wang Li"]
[Black "Wang Rui"]
[Result "1/2-1/2"]
[WhiteElo "2400"]
[BlackElo "2407"]

1.d4 Nf6 2.c4 e6 3.Nc3 Bb4 4.Nf3 O-O 5.Bg5 h6 6.Bh4 c5 7.Qc2 d5 8.e3 cxd4
9.exd4 dxc4 10.Bxc4 Nbd7 11.O-O Nb6 12.Bb3 Bd7 13.Ne5 Rc8 14.Qd3 Be7 15.Bc2 Re8
16.Rfe1 Bc6 17.Nxc6 bxc6 18.Rad1 Nbd5 19.Nxd5 Qxd5 20.b3 Qb5 21.Qf3 Red8
22.h3 Qa5 23.Re2 Kf8 24.Be4 Qb4 25.Rc2 Rxd4 26.Rxd4 Qxd4 27.Bxf6 Bxf6 28.Bxc6 Be5
29.g4 g5 30.Kg2 Rd8 31.Bb5 Kg7 32.Be2 Qf4 33.Qxf4 Bxf4 34.b4 Rd4 35.Bc4 Kg6
36.Kf3 h5 37.Ke2 hxg4 38.hxg4 Bd6 39.Bd3+ Kf6 40.Rc4 Rxc4 41.Bxc4 Bxb4 42.f3 Ke5
43.a4 Bc5 44.Bb5 Kf4 45.Bc4  1/2-1/2

[Event "22nd HOF Open 2012"]
[Site "Jyvaskyla FIN"]
[Date "2012.07.15"]
[Round "9.9"]
[White "Mertanen,J"]
[Black "Laine,Pan"]
[Result "1-0"]
[WhiteElo "2374"]
[BlackElo "2195"]

1.d4 e6 2.c4 Nf6 3.Nc3 Bb4 4.Nf3 d5 5.cxd5 exd5 6.Bg5 h6 7.Bh4 g5 8.Bg3 Ne4
9.Nd2 Nxc3 10.bxc3 Bxc3 11.Rc1 Ba5 12.e3 c6 13.Bd3 Be6 14.O-O Nd7 15.e4 Bxd2
16.Qxd2 dxe4 17.Bxe4 Nf6 18.Bb1 Nd5 19.Rfe1 Qb6 20.Bf5 O-O-O 21.Rxe6 fxe6
22.Bxe6+ Rd7 23.Bxd7+ Kxd7 24.Qd3 Re8 25.h4 gxh4 26.Qf5+ Kd8 27.Bxh4+ Ne7
28.Rb1 Qc7 29.Re1 Qd7 30.Qe5  1-0

[Event "Corporation Centre Cup A"]
[Site "Izhevsk RUS"]
[Date "2012.07.16"]
[Round "2"]
[White "Verdnikov,V"]
[Black "Ivanov,Stepan"]
[Result "1/2-1/2"]
[WhiteElo "2166"]
[BlackElo "2018"]

1.d4 Nf6 2.c4 e6 3.Nc3 Bb4 4.Nf3 c5 5.e3 d5 6.Bd3 Nc6 7.O-O O-O 8.a3 Ba5
9.cxd5 exd5 10.dxc5 Bxc3 11.bxc3 Qa5 12.Qc2 Bg4 13.a4 Bxf3 14.gxf3 Ne5 15.Be2 Rfc8
16.Ba3 Ned7 17.Rab1 Nxc5 18.Rb5 Qxa4 19.Qb2 b6 20.Bxc5 Rxc5 21.Ra1 Rxb5 22.Bxb5 Qh4
23.Bc6 Rc8 24.Rxa7 Qh3 25.Qxb6 Qxf3 26.Ra8 Rxa8 27.Bxa8 h5 28.Qb8+ Kh7 29.Qg3 Qd1+
30.Kg2 Qa1 31.Bb7 Qxc3 32.Ba6 g6 33.Be2 Kg7 34.Bf3 Qc6 35.Qe5 Qe6 36.Qd4 Kh6
37.h4 Qf5 38.Qb4 Kg7 39.Qd4 Kg8 40.Qb2 Ng4 41.Qd4 Nf6 42.Qb2 Ne4 43.Qd4 Kh7
44.Qb2 g5 45.hxg5 Nxg5 46.Bd1 Qh3+ 47.Kg1 Nf3+ 48.Bxf3 Qxf3 49.Qc2+ Kh6 50.Qc3 f6
51.Qc5 h4 52.Qf8+ Kg5 53.Qg8+ Kh5 54.Qh8+ Kg4 55.Qc8+ f5 56.Qb8 h3 57.Qg8+ Kh4
58.Qd8+ Kh5 59.Qe8+ Kg5 60.Qe7+ Kg6 61.Qe6+ Kh5 62.Qf7+ Kh4 63.Qf6+  1/2-1/2

[Event "5th Paleochora Open"]
[Site "Paleochora GRE"]
[Date "2012.07.16"]
[Round "1.23"]
[White "Sivuk,V"]
[Black "Stamatopoulos,Apostolos"]
[Result "1-0"]
[WhiteElo "2467"]
[BlackElo "1723"]

1.d4 Nf6 2.c4 e6 3.Nf3 Bb4+ 4.Nc3 b6 5.Qb3 Bxc3+ 6.Qxc3 Ne4 7.Qc2 Bb7 8.g3 f5
9.Bg2 Qf6 10.O-O O-O 11.b3 d6 12.Bb2 Nd7 13.Ne1 Qh6 14.Nd3 g5 15.c5 bxc5
16.dxc5 Ndxc5 17.Nxc5 Nxc5 18.Bxb7 Nxb7 19.Qxc7 Rf7 20.Qc6 Qg6 21.Rad1 Rd8
22.b4 a5 23.bxa5 Rfd7 24.a6 Nc5 25.Ba3 Qf7 26.Bxc5 dxc5 27.Rxd7 Qxd7 28.Qxd7 Rxd7
29.Rb1 Ra7 30.Rb8+  1-0

[Event "7th Nana Aleksandria Cup"]
[Site "Poti GEO"]
[Date "2012.07.17"]
[Round "5.18"]
[White "Morchiashvili,B"]
[Black "Kvaratskhelia,D"]
[Result "1-0"]
[WhiteElo "2352"]
[BlackElo "2072"]

1.d4 Nf6 2.c4 e6 3.Nf3 Bb4+ 4.Nc3 d5 5.cxd5 exd5 6.Bg5 O-O 7.e3 c6 8.Bd3 Nbd7
9.Qc2 Be7 10.O-O-O Re8 11.h3 Nf8 12.g4 b5 13.Kb1 a5 14.Rc1 a4 15.Rhd1 Qa5
16.Ne2 Bb7 17.Ne5 Ra6 18.Ng3 Rb6 19.Nf5 Ra8 20.Qe2 a3 21.b3 Qa7 22.f3 Ng6
23.h4  1-0

[Event "ACP Golden Classic"]
[Site "Amsterdam NED"]
[Date "2012.07.19"]
[Round "5"]
[White "Sasikiran,K"]
[Black "Kamsky,G"]
[Result "0-1"]
[WhiteElo "2707"]
[BlackElo "2744"]

1.d4 Nf6 2.c4 e6 3.Nc3 Bb4 4.Nf3 b6 5.Bg5 Bb7 6.Nd2 h6 7.Bh4 Nc6 8.e3 g5
9.Bg3 Ne7 10.Qc2 Nf5 11.Be5 Bxc3 12.Qxc3 d6 13.Bg3 Qe7 14.f3 Nxg3 15.hxg3 c5
16.O-O-O O-O-O 17.Bd3 h5 18.Bc2 h4 19.g4 Rhg8 20.a3 cxd4 21.exd4 Kb8 22.Kb1 Rc8
23.Qb4 Qc7 24.Rc1 d5 25.Bb3 dxc4 26.Nxc4 Nd5 27.Qd2 Qf4 28.Qf2 Nf6 29.Qe1 Bd5
30.Qb4 Qxd4 31.Qd6+ Ka8 32.Qe7 Qd3+ 33.Ka2 Rxc4 34.Bxc4 Bxc4+ 35.Ka1 Nd5
36.Qxf7 Rc8 37.Qxe6 Kb7 38.Qf5 Qb3 39.Rxc4 Qxc4 40.Qxg5 Qb3 41.Qxh4 Nc3  0-1

[Event "5th Paleochora Open"]
[Site "Paleochora GRE"]
[Date "2012.07.19"]
[Round "5.29"]
[White "Savoglou,N"]
[Black "Ambartsumova,K"]
[Result "1/2-1/2"]
[WhiteElo "1999"]
[BlackElo "2322"]

1.d4 Nf6 2.c4 e6 3.Nc3 Bb4 4.Nf3 d5 5.cxd5 exd5 6.Bg5 Nbd7 7.Qc2 c5 8.dxc5 h6
9.Bd2 Bxc5 10.e3 O-O 11.Be2 a6 12.Rc1 b5 13.a3 Bb7 14.O-O Bd6 15.Rfd1 Rc8
16.Qf5 Qe7 17.Na2 Rfe8 18.Rxc8 Bxc8 19.Bb4 Nc5 20.Qc2 Be6 21.Nd4 Nce4 22.Bxd6 Qxd6
23.Rc1 Rc8 24.Qxc8+ Bxc8 25.Rxc8+ Kh7 26.Rc6 Qd7 27.Rxa6 Nd6 28.Bd3+ g6 29.Nc3 Kg7
30.Rc6 Nc4 31.Ncxb5 Nxb2 32.Be2 Ne8 33.h3  1/2-1/2

[Event "30th Andorra Open"]
[Site "Andorra la Vella AND"]
[Date "2012.07.21"]
[Round "1.4"]
[White "Hammer,J"]
[Black "Picart,L"]
[Result "1-0"]
[WhiteElo "2638"]
[BlackElo "2108"]

1.d4 Nf6 2.c4 e6 3.Nc3 Bb4 4.Nf3 b6 5.e3 Bb7 6.Bd3 Ne4 7.O-O Bxc3 8.bxc3 f5
9.Ba3 d6 10.d5 exd5 11.Nd4 Qf6 12.cxd5 Bxd5 13.f3 Nc5 14.e4 Bf7 15.Bxc5 dxc5
16.e5 Qd8 17.Bb5+ Kf8 18.Ne6+  1-0

[Event "27th Avoine Open"]
[Site "Avoine FRA"]
[Date "2012.07.21"]
[Round "1.28"]
[White "Neau,J"]
[Black "Stephan,V"]
[Result "0-1"]
[WhiteElo "2001"]
[BlackElo "2253"]

1.d4 Nf6 2.c4 e6 3.Nc3 Bb4 4.Nf3 d5 5.Bg5 Nbd7 6.a3 Bxc3+ 7.bxc3 c5 8.e3 Qa5
9.Qb3 Ne4 10.cxd5 exd5 11.Rc1 O-O 12.Be2 c4 13.Qc2 Qxa3 14.O-O Nb6 15.Bf4 Qb3
16.Bc7 Na4 17.Ba5 Bf5 18.Qxb3 cxb3 19.Bb5 b2 20.Bxa4 bxc1=Q 21.Rxc1 Rfc8
22.Nh4 Be6 23.f3 Nxc3 24.Bxc3 g5 25.g4 gxh4 26.Kg2 Rc7 27.Bd2 Rxc1 28.Bxc1 Rc8
29.Bd2 a5 30.Kh3 Rb8 31.Bb3 Ra8 32.Kxh4 b5 33.f4 a4 34.Ba2 Rc8 35.f5 Rc2
36.fxe6 fxe6 37.Bxd5 exd5 38.Bb4 Rxh2+ 39.Kg5 Rb2 40.Bc5 b4 41.e4 a3  0-1